000 00284nam a22001217a 4500
008 170428b xxu||||| |||| 00| 0 eng d
041 _aeng
080 _a343.9
100 _a13
101 _aSHJ
245 _aCRIMINAL LAW SUBSTATIVE CRIMINAL LAW
_cJOHNSON.P.E
942 _2udc
_cBK
999 _c12307
_d12307